Rozklady intervalov prirodzených čísiel na tri riedke množiny : Kand.diz.práca : V.odb. 11-02-9 : Obh. 06.10.1981 /

Gespeichert in:
Bibliographische Detailangaben
1. Verfasser: Bačík, Július (Verfasst von)
Weitere Verfasser: Parízek, Bohumír (Betreuung Doktorarbeit)
Format: Manuskript Buch
Veröffentlicht: Trnava : Univerzita Komenského v Bratislave, 1981
Schlagworte:
Tags: Tag hinzufügen
Keine Tags, Fügen Sie das erste Tag hinzu!

MARC

LEADER 00000ntm a22000003a 4500
001 stu5347
005 20150617225811.1
008 ------s1981----------------------------d
040 |a STU  |b slo 
041 0
100 1 |a Bačík, Július  |4 aut 
245 1 |a Rozklady intervalov prirodzených čísiel na tri riedke množiny :  |b Kand.diz.práca : V.odb. 11-02-9 : Obh. 06.10.1981 /  |c [aut.] Bačík,Július, RNDr.; Škol. Parízek,Bohumír 
260 |a Trnava :  |b Univerzita Komenského v Bratislave,  |c 1981 
300 |a 108 s :  |b príl +  |c Autoref.1981, 17 s 
650 7 |a algebra  |2 stusub 
650 7 |a teória čísel  |2 stusub 
700 1 |a Parízek, Bohumír  |4 ths 
996 |b 284ED00193  |c E*KDIZ-360  |l EE01  |s A  |a 24  |w stu5347_0001